01465nam a22003497a 4500003000500000005001700005008004100022010001000063011001000073035001000083040000900093082001800102110007600120245009300196260004400289300000800333500007100341590004100412590004100453590004100494590004200535650002200577650002700599650003900626901000700665942001000672949006500682949006500747999001700812952014300829952014300972CHAP20220329135439.0971013s1981 r 00010 d a36663 a37635 a41755 cCHAP a631.455bM49i aMéxico. Dirección General de Conservación del Suelo y Agua976965 aInventario de áreas erosionadas y variedades de suelos del estado de San Luis Potosí aMéxico, D.F. :bLa Dirección,c1981 a2 v aNota: 6 mapas en el primer volumen, 12 mapas en el segundo volumen aBATCH-UPDb10c20130110lUCH01h1854 aBATCH-UPDb10c20130410lUCH01h1223 aBATCH-UPDb10c20130914lUCH01h1316 aCONVERSIONb10c20130109lUCH01h132114aErosión.93733514aSuelosxMapas.911042714aSuelosxSan Luis Potosí.9110478 aBK cLIBRO a631.455 M49ibBCcLIBROd-95985eLIBROfv.1h59700i41755si a631.455 M49ibBCcLIBROd-95986eLIBROfv.2h59701i41755si c36663d36663 00102ddc4052708GRALaBCbBCcPP_GRALd2019-12-31fLIBROl0o631.455 M49ip33724002490678r2019-12-31 00:00:00tv.1w2019-12-31yLIBRO 00102ddc4052708GRALaBCbBCcPP_GRALd2019-12-31fLIBROl0o631.455 M49ip33724002490710r2019-12-31 00:00:00tv.2w2019-12-31yLIBRO